000 00720nam a2200241Ia 4500
003 OSt
005 20220923224409.0
006 a|||||r|||| 00| 0
007 ta
008 Pun
024 _a231,946
037 _cTextual
040 _aARTS
_cARTS
_bPun
041 _2Pun
_aPun
082 _aO153:g(X:3M24), M8
100 _aਭੱਟੀ, ਸੁਰਜੀਤ ਸਿੰਘ
245 0 _aਚਿੰਤਨ ਚੇਤਨਾ
260 _aਸਰਹਿੰਦ
_b ਲੋਕਗੀਤ ਪ੍ਰਕਾFਨ
_c1988
300 _a171ਪੰ
_ccm.
650 _aਪੰਜਾਬੀ ਸਾਹਿਤ
942 _hO153:g(X:3M24), M8
_cTEXL
_2CC
999 _c371154
_d371154